000 00336nam a2200121Ia 4500
008 230907s9999||||xx |||||||||||||| ||und||
082 _a530.417
_bBAR
100 _aBarnes, Geoff.
_9115402
245 0 _aInterfacial science :
260 _aOxford University Press,
_bOxford ; | New York :
_c2011
300 _axxii, 326 p. :
942 _cBK
999 _c598322
_d598322